header

Effects of capital flow liberalization (Record no. 42372)

MARC details
000 -LEADER
fixed length control field 01554nam a2200349Ia 4500
100 1# - MAIN ENTRY--AUTHOR NAME
Personal name Saadi-Sedik, Tahsin.
245 10 - TITLE STATEMENT
Title Effects of capital flow liberalization
260 ## - PUBLICATION, DISTRIBUTION, ETC. (IMPRINT)
Place of publication Washington, D.C. :
Name of publisher International Monetary Fund,
Year of publication c2012.
300 ## - PHYSICAL DESCRIPTION
Number of Pages 26 p. :
Other physical details ill.
500 ## - GENERAL NOTE
General note At head of title: Monetary and Capital Markets Department -- verso of t.p.
General note "November 2012" -- verso of t.p.
650 #0 - SUBJECT ADDED ENTRY--TOPICAL TERM
Topical Term Capital movements
Topical Term Economic development
700 1# - ADDED ENTRY--PERSONAL NAME
Personal name Sun, Tao,
856 40 - ELECTRONIC LOCATION AND ACCESS
Uniform Resource Identifier http://site.ebrary.com/lib/rucke/Doc?id=10644329

No items available.

© 2026 Rongo University
Contact us: librarian | system librarian | Rongo university